Informačný systém ako súčasť systému priemyselnej údržby

Gespeichert in:
Bibliographische Detailangaben
1. Verfasser: Boško, Kristián (Verfasst von)
Weitere Verfasser: Červeňan, Andrej (Betreuung Doktorarbeit)
Format: Manuskript Buch
Sprache:Slowakisch
Veröffentlicht: 2016
Schlagworte:
Online-Zugang:http://is.stuba.sk/zp/portal_zp.pl?podrobnosti=133225
Tags: Tag hinzufügen
Keine Tags, Fügen Sie das erste Tag hinzu!

MARC

LEADER 00000ntm a22000003a 4500
001 stuzp59047
003 SK-STU
005 20160719155740.5
007 ta
008 150427s2015----xo-----f-mn---000-0-slo-d
040 |a STU  |b slo 
041 0 |a slo 
100 1 |a Boško, Kristián  |u 020070  |4 aut  |U SjF Strojnícka fakulta  |T SjF Ústav výrobných systémov, enviromentálnej techniky a manažment kvality  |X 73232  |U J0070  |Y 804  |7 73232 
242 0 1 |a Information system as a part of the industrial maintenance  |y eng 
245 1 0 |a Informačný systém ako súčasť systému priemyselnej údržby 
260 |c 2016 
650 4 |a informačný systém  |2 slo 
650 4 |a údržba  |2 slo 
650 4 |a výrobné stroje  |2 slo 
650 4 |a information system  |2 eng 
650 4 |a maintenance  |2 eng 
650 4 |a manufacturing machines  |2 eng 
700 1 |a Červeňan, Andrej  |u 020070  |k Z1  |4 ths  |U SjF Strojnícka fakulta  |T SjF Ústav výrobných systémov, enviromentálnej techniky a manažment kvality  |X 2273  |U J0070  |Y 804  |7 A000002273 
856 4 |u http://is.stuba.sk/zp/portal_zp.pl?podrobnosti=133225 
996 |b 284J044032  |c J* 2322/BP  |l JJSK  |s A  |a 24  |w stuzp59047_0001 
SQL |a stuzp59047  |b DBP  |c SLO  |d Informačný systém ako súčasť systému priemyselnej údržby  |e 73232  |f Boško, Kristián  |g 020070  |h 2273  |i Červeňan, Andrej  |j 20160614  |k 1127  |l 02  |m http://is.stuba.sk/zp/portal_zp.pl?podrobnosti=133225  |n B-EVT  |o 5.2.50. výrobná technika